Formule 1 - Nationalités des champions du monde - Statistiques

Statistiques générales
  • Ce quiz a été pris 221 fois
    195 depuis la dernière actualisation
  • Le résultat moyen est 12 sur 15
Statistiques - réponses
Nb de
champions
Pays % Correct
10 Royaume-Uni
100%
3 Allemagne
98%
1 France
97%
2 Italie
95%
3 Brésil
93%
1 Pays-Bas
90%
1 Espagne
89%
2 États-Unis
85%
1 Canada
83%
1 Argentine
79%
2 Australie
77%
3 Finlande
71%
2 Autriche
63%
1 Afrique du Sud
58%
1 Nouvelle-Zélande
47%
Aucun quiz correspondant
Distribution des résultats
% des personnes avec chaque résultat
Percentile par nombre de réponses
Votre historique - résultats
Vous n’avez pas pris ce quiz depuis la dernière actualisation